Manual de máquinas herramientas / (Record no. 220068)
[ view plain ]
| 000 -CABECERA | |
|---|---|
| campo de control de longitud fija | 01456nam a2200397 4500 |
| 003 - IDENTIFICADOR DEL NÚMERO DE CONTROL | |
| campo de control | CHAP |
| 005 - FECHA Y HORA DE LA ÚLTIMA TRANSACCIÓN | |
| campo de control | 20240809132218.0 |
| 007 - CAMPO FIJO DE DESCRIPCIÓN FÍSICA--INFORMACIÓN GENERAL | |
| campo de control de longitud fija | ta |
| 008 - DATOS DE LONGITUD FIJA--INFORMACIÓN GENERAL | |
| campo de control de longitud fija | 240809s1987 mx ado|frf||| 001 0 spa d |
| 020 ## - NÚMERO INTERNACIONAL ESTÁNDAR DEL LIBRO | |
| Número Internacional Estándar del Libro | 968-18-1721-4 |
| Información calificativa | (edición original) |
| 020 ## - NÚMERO INTERNACIONAL ESTÁNDAR DEL LIBRO | |
| Número Internacional Estándar del Libro | 968-18-2473-3 |
| Información calificativa | (edición completa) |
| 020 ## - NÚMERO INTERNACIONAL ESTÁNDAR DEL LIBRO | |
| Número Internacional Estándar del Libro | 968-18-2474-1 |
| Información calificativa | (vol. 1) |
| 020 ## - NÚMERO INTERNACIONAL ESTÁNDAR DEL LIBRO | |
| Número Internacional Estándar del Libro | 968-18-2475-X |
| Información calificativa | (vol. 2) |
| 020 ## - NÚMERO INTERNACIONAL ESTÁNDAR DEL LIBRO | |
| Número Internacional Estándar del Libro | 968-18-2476-8 |
| Información calificativa | (vol. 3) |
| 020 ## - NÚMERO INTERNACIONAL ESTÁNDAR DEL LIBRO | |
| Número Internacional Estándar del Libro | 968-18-2477-6 |
| Información calificativa | (vol. 4) |
| 040 ## - FUENTE DE LA CATALOGACIÓN | |
| Centro catalogador/agencia de origen | mxchpua |
| Centro/agencia transcriptor | CHAP |
| Normas de descripción | rda |
| 041 ## - CÓDIGO DE LENGUA | |
| Código de lengua del texto/banda sonora o título independiente | spa |
| Código de lengua original | eng |
| 050 10 - SIGNATURA TOPOGRÁFICA DE LA BIBLIOTECA DEL CONGRESO | |
| Número de clasificación | TJ1185 |
| Número de documento/Ítem | .M36 1987 |
| 082 00 - NÚMERO DE LA CLASIFICACIÓN DECIMAL DEWEY | |
| Número de edición | 20 |
| Número de clasificación | 621.802 |
| Número de documento/Ítem | M36 1987 |
| 240 1# - TÍTULO UNIFORME | |
| Título uniforme | Machine tool practices. |
| Lenguaje de la obra | Español |
| 245 ## - MENCIÓN DE TÍTULO | |
| Título | Manual de máquinas herramientas / |
| Mención de responsabilidad, etc. | Richard R. Kibbe, John E. Neely, Roland O. Meyer y Warren t. White ; traductor Rafael García Díaz |
| 250 ## - MENCIÓN DE EDICIÓN | |
| Mención de edición | 1a edición |
| 264 ## - PRODUCCIÓN, PUBLICACIÓN, DISTRIBUCIÓN, FABRICACIÓN Y COPYRIGHT | |
| Producción, publicación, distribución, fabricación y copyright | México : |
| Nombre del de productor, editor, distribuidor, fabricante | Limusa, |
| Fecha de producción, publicación, distribución, fabricación o copyright | 1987 |
| 300 ## - DESCRIPCIÓN FÍSICA | |
| Extensión | 4 volumenes : |
| Otras características físicas | ilustraciones, gráficas, diagramas, tablas, fotos |
| 336 ## - TIPO DE CONTENIDO | |
| Fuente | rdacontent |
| Término de tipo de contenido | texto |
| Código de tipo de contenido | txt |
| 337 ## - TIPO DE MEDIO | |
| Fuente | rdamedia |
| Nombre/término del tipo de medio | sin medio |
| Código del tipo de medio | n |
| 338 ## - TIPO DE SOPORTE | |
| Fuente | rdacarrier |
| Nombre/término del tipo de soporte | volumen |
| Código del tipo de soporte | nc |
| 650 13 - PUNTO DE ACCESO ADICIONAL DE MATERIA--TÉRMINO DE MATERIA | |
| Término de materia o nombre geográfico como elemento de entrada | Máquinas herramientas |
| Subdivisión general | Mantenimiento y reparación |
| Fuente del encabezamiento o término | atg |
| 9 (RLIN) | 186577 |
| 650 13 - PUNTO DE ACCESO ADICIONAL DE MATERIA--TÉRMINO DE MATERIA | |
| Término de materia o nombre geográfico como elemento de entrada | Power tools |
| Subdivisión general | Maintenance and repair |
| Fuente del encabezamiento o término | atg |
| 9 (RLIN) | 189401 |
| 700 1# - PUNTO DE ACCESO ADICIONAL--NOMBRE DE PERSONA | |
| Nombre de persona | Kibbe, Richard R. |
| 9 (RLIN) | 63161 |
| Término indicativo de función/relación | autor |
| 700 1# - PUNTO DE ACCESO ADICIONAL--NOMBRE DE PERSONA | |
| Nombre de persona | Neely, John E. |
| 9 (RLIN) | 189402 |
| Término indicativo de función/relación | autor |
| 700 1# - PUNTO DE ACCESO ADICIONAL--NOMBRE DE PERSONA | |
| Nombre de persona | Meyer, Roland O. |
| 9 (RLIN) | 189403 |
| Término indicativo de función/relación | autor |
| 700 1# - PUNTO DE ACCESO ADICIONAL--NOMBRE DE PERSONA | |
| Nombre de persona | White, Warren T. |
| 9 (RLIN) | 189404 |
| Término indicativo de función/relación | autor |
| 700 1# - PUNTO DE ACCESO ADICIONAL--NOMBRE DE PERSONA | |
| Nombre de persona | García Díaz, Rafael |
| 9 (RLIN) | 188033 |
| Término indicativo de función/relación | traductor |
| 942 ## - ELEMENTOS DE PUNTO DE ACCESO ADICIONAL (KOHA) | |
| Fuente del sistema de clasificación o colocación | Dewey Decimal Classification |
| Tipo de ítem Koha | Libro |
| Estado de retiro | Estado de pérdida | Fuente del sistema de clasificación o colocación | Estado dañado | Restricciones de uso | No para préstamo | Código de colección | Localización permanente | Ubicación/localización actual | Fecha de adquisición | Fuente de adquisición | Enumeración/cronología de publicación seriada | Número de inventario | Total de préstamos | Signatura topográfica completa | Código de barras | Fecha visto por última vez | Número de copia | Precio válido a partir de | Tipo de ítem Koha |
|---|---|---|---|---|---|---|---|---|---|---|---|---|---|---|---|---|---|---|---|
| Dewey Decimal Classification | Préstamo interno | General | Ingenieria Agroindustrial | Ingenieria Agroindustrial | 05/12/2017 | Donación | Volumen 1 | Donación por José Dámaso Leal Z. | 621.802 M36 1987 V.1 | 1102015009 | 09/08/2024 | Ej. 1 | 09/08/2024 | Libro | |||||
| Dewey Decimal Classification | Préstamo interno | General | Ingenieria Agroindustrial | Ingenieria Agroindustrial | 05/12/2017 | Donación | Volumen 2 | Donación por José Dámaso Leal Z. | 621.802 M36 1987 V.2 | 1102015010 | 09/08/2024 | Ej. 1 | 09/08/2024 | Libro | |||||
| Dewey Decimal Classification | Préstamo interno | General | Ingenieria Agroindustrial | Ingenieria Agroindustrial | 05/12/2017 | Donación | Volumen 3 | Donación por José Dámaso Leal Z. | 621.802 M36 1987 V.3 | 1102015011 | 09/08/2024 | Ej. 1 | 09/08/2024 | Libro | |||||
| Clasificación Universidad Autónoma de Chapingo | Préstamo interno | General | Ingenieria Agroindustrial | Ingenieria Agroindustrial | 05/12/2017 | Donación | Volumen 4 | Donación por José Dámaso Leal Z. | 621.802 M36 1987 V.4 | 1102015012 | 09/08/2024 | Ej. 1 | 09/08/2024 | Libro |
